000 00520 a2200181 4500
003 OSt
005 20240207111340.0
008 240207b |||||||| |||| 00| 0 eng d
020 _a8188018562
040 _coclc
082 _a894.8123
_bMEE/K
100 _aMeeran, Thoppil Muhammad
_96689
245 _aKoonan Thop /
_cThoppil Muhammad Meeran
250 _a1st ed.
260 _aKozhokode:
_bLIPI Publications,
_c2016.
300 _a224p.
942 _2ddc
_cBK
_h894.8123
_iMEE/K
_k894.8123
_mMEE/K
999 _c44338
_d44338